Zapojení hutnictví a těžkého strojírenství do RVHP

Bibliographic Details
Main Author: Procházka, Josef (Author)
Format: Article
Language:Slovak
Czech
Subjects:

MARC

LEADER 00000nab a2200000 a 4500
001 vtls000037696
003 SK-MaSNL
005 20260304235802.0
008 250423c1979 xo 0 slo
015 |a SNBRB19rr/mm-uuuuu 
035 |a CL0047791 
035 |a urn:nbn:sk:snk-ab6p7u 
035 |a (uuid)ba1bd32a-e5d2-4e10-a351-df555246e894 
035 |a (urnnbn)urn:nbn:sk:snk:ar-005q2t 
035 |a (sysno)vtls000037696 
040 |a SNKBUCL  |b slo  |c SNKBUCL  |e AACR2 
041 0 |a cze 
044 |a xo  |c SK 
080 |a 339.923:061.1(4-11)  |2 1981 
080 |a 061.1(4-11)  |2 1981 
080 |a 621  |2 1981 
080 |a 334.7  |2 1981 
080 |a 669  |2 1981 
100 1 |a Procházka, Josef  |4 aut  |9 279759 
245 1 0 |a Zapojení hutnictví a těžkého strojírenství do RVHP  |c Josef Procházka 
650 0 7 |a metalurgia  |2 snkbucl  |9 941 
650 0 7 |a strojárstvo  |2 snkbucl  |9 674 
650 0 7 |a Rada vzájomnej hospodárskej pomoci  |2 snkbucl  |9 920973 
650 0 7 |a ekonomická integrácia  |2 snkbucl  |9 2139 
655 7 |a články z novín a časopisov  |2 snkbucl  |9 267496 
773 0 |t Zváranie  |g Roč. 28, č. 9 (1979), s. 257-258 
850 |a Slovenská národná knižnica 
852 |a Slovenská národná knižnica 
954 |a odborná, vedecká literatúra pôvodná (slovenská)  |2 lita 
954 |a odborná, vedecká literatúra cudzojazyčná (svetová)  |2 lita 
958 |a article 
958 |a OND 
958 |a RK 
958 |a CZ 
958 |a EUIPO 
992 |a RBX 
999 |c 3210513  |d 3212443